Estatísticas para Astrônomia de A a Z

Clique aqui para jogar o quiz

Estatísticas Gerais

  • Esse quiz foi jogado 190 vezes
  • A pontuação média é 8 de 26

Estatísticas das Respostas

#DefiniçãoResposta% Correto
AGaláxia mais próxima da Via-Láctea de nomo homônimo de uma constelaçãoAndrômeda
94%
JMaior planeta do Sistema SolarJúpiter
79%
KLeis de__________,3 leis que governam a movimentação dos planetasKepler
66%
HPrimeiro cometa a ser identificado como periódico, se aproxima da Terra a cada 76 anosHalley
65%
NNuvem concentrada de matéria interestelarNebulosa
60%
OTrajetória que um corpo percorre ao redor de outro sob a influência da força gravitacionalÓrbita
43%
IFamoso astrônomo que enunciou o Princípio da Gravitação UniversalIsaac Newton
42%
UConjunto de tudo o que existe tomado como um todo. CosmoUniverso
40%
RSegundo essa teoria objetos massivos causam uma distorção no espaço-tempo, que é sentida como gravidade.Relatividade
38%
DSatélite natural de MarteDeimos
37%
GMaior satélite natural do sistema solar, sendo maior que o planeta MercúrioGanimedes
37%
QObjeto astronômico distante e muito energético com um núcleo galático ativo, de tamanho maior que o de uma estrela e menor do que uma galáxiaQuasar
29%
CSonda que encerrou sua missão mergulhando no planeta SaturnoCassini
25%
PPonto da órbita de um corpo celeste que está mais próximo do SolPeriélio
21%
YPrimeiro homem a contornar a Terra no espaçoYuri Gagarin
21%
SMomento em que o Sol, durante seu movimento aparente na esfera celeste, atinge o maior afastamento do equador celesteSolstício
19%
XRaios provenientes do cosmos que permitem aos cientistas investigarem os domínios extremos invisíveis para os mais poderosos telescópios ópticosX
17%
MGrau de intensidade luminosa de um astroMagnitude
16%
BUm meteoro extremamente brilhante que explode na atmosferaBólido
13%
ETrajetória aparente do SolEclíptica
11%
W_______ Herschel, astrônomo que descobriu o planeta UranoWilliam
11%
LIntervalo de tempo que separa duas luas novas consecutivasLunação
9%
TMaior satélite natural do planeta UranoTitânia
6%
ZQualquer constelação cortada pela eclípticaZodiacal
6%
FA Boca do Peixe, é a estrela mais brilhante da constelação de Peixe AustralFomalhaut
5%
VPonto da esfera celeste onde a eclíptica cruza o equador. Quando Sol passa por esse ponto se determina o inicio da primavera no hemisfério norte da TerraVernal
4%

Distribuição das Pontuações

Percentil de Números Respondidos

Porcentagem de Pessoas com Cada Pontuação

Sua Pontuação Histórica

Você não jogou esse quiz